000
00290nam a2200109Ia 4500
008
241105s9999 xx 000 0 und d
041
_a
eng
100
_a
Patil Manasi.
_9
208861
245
_a
Piligrimage Centre At Prakhsha.
260
_b
BNCA, Pune
_c
2018
700
_a
Nagarkar Geeta
_9
182489
999
_c
361596
_d
361596